Estatísticas para País Africano Aleatório por Bandeira

Clique aqui para jogar o quiz

Estatísticas Gerais

  • Esse quiz foi jogado 4 995 vezes
  • A pontuação média é 8 de 10

Estatísticas das Respostas

Resposta% Correto
África do Sul
97%
Angola
97%
Marrocos
97%
Tunísia
96%
Egito
95%
Camarões
94%
Costa do Marfim
93%
Senegal
93%
Quênia
92%
Nigéria
91%
Cabo Verde
89%
Somália
89%
Etiópia
88%
Moçambique
88%
Gana
86%
Argélia
85%
Chade
85%
Uganda
85%
Lesoto
84%
República Centro-Africana
84%
Níger
83%
Seychelles
82%
Sudão do Sul
81%
Botswana
80%
Madagáscar
80%
Burundi
79%
Libéria
79%
Malawi
79%
Mauritânia
78%
República Democrática do Congo
78%
Zâmbia
78%
Líbia
77%
Sudão
76%
Mali
75%
Suazilândia
75%
Tanzânia
75%
Burkina Faso
74%
Eritreia
74%
Gabão
74%
Togo
74%
Comores
72%
Guiné Equatorial
72%
Maurícia
72%
São Tomé e Príncipe
71%
República do Congo
70%
Guiné
69%
Zimbábue
69%
Djibouti
67%
Namíbia
67%
Serra Leoa
67%
Guiné-Bissau
66%
Benim
65%
Gâmbia
64%
Ruanda
64%

Distribuição das Pontuações

Percentil de Números Respondidos

Porcentagem de Pessoas com Cada Pontuação

Sua Pontuação Histórica

Você não jogou esse quiz